Manual de enfermedades del riñón / (Record no. 59667)

MARC details
000 -LEADER
campo de control de longitud fija 00737nam a2200205 i 4500
001 - NÚMERO DE CONTROL
campo de control 59667
003 - IDENTIFICADOR DE NÚMERO DE CONTROL
campo de control ES-MaACL
005 - FECHA Y HORA DE LA ÚLTIMA TRANSACCIÓN
campo de control 20250822063125.0
007 - CAMPO FIJO DE DESCRIPCIÓN FÍSICA--INFORMACIÓN GENERAL
campo de control de longitud fija t|
008 - DATOS DE LONGITUD FIJA--INFORMACIÓN GENERAL
campo de control de longitud fija 031030s1922 sp ||||1| spa d
100 1# - ENTRADA PRINCIPAL--NOMBRE DE PERSONA
Nombre de persona Enríquez de Salamanca, Fernando,
Fechas asociadas al nombre 1890-1966
9 (RLIN) 47286
245 10 - MENCIÓN DEL TÍTULO
Título Manual de enfermedades del riñón /
Mención de responsabilidad, etc. por F. Enriquez de Salamanca, C. Jiménez Díaz ; con un capítulo de técnica citoscópica por F. Miraved.
260 ## - PUBLICACIÓN, DISTRIBUCIÓN, ETC.
Lugar de publicación, distribución, etc. Madrid :
Nombre del editor, distribuidor, etc. Ruiz Hermanos,
Fecha de publicación, distribución, etc. 1922 (
Fabricante Nieto y compañía)
300 ## - DESCRIPCIÓN FÍSICA
Extensión VIII, 296 p. :
Otras características físicas il. ;
Dimensiones 24 cm.
500 ## - NOTA GENERAL
Nota general Es el T. I.
700 1# - ENTRADA AGREGADA--NOMBRE PERSONAL
Nombre de persona Jiménez Díaz, Carlos,
Fechas asociadas al nombre 1898-1967
9 (RLIN) 66515
700 1# - ENTRADA AGREGADA--NOMBRE PERSONAL
Nombre de persona Miraved, F.
9 (RLIN) 81570
852 ## - LOCALIZACIÓN
Ubicación ES-MaACL
Número de control de estantería B-13578
Holdings
Estatus retirado Estado de pérdida Estado de daño No para préstamo Biblioteca de origen Biblioteca actual Ubicación en estantería Fecha de adquisición Fuente de adquisición Total de préstamos Signatura topográfica completa Código de barras Visto por última vez Precio de reemplazo Tipo de ítem Koha
        Biblioteca del Ateneo de Madrid Biblioteca del Ateneo de Madrid Sala Pardo Bazán 17/01/2008     B-13578 1062583 23/02/2023 23/02/2023 Libro impreso